<?xml version="1.0" encoding="UTF-8"?>
<record
    xmlns:xsi="http://www.w3.org/2001/XMLSchema-instance"
    xsi:schemaLocation="http://www.loc.gov/MARC21/slim http://www.loc.gov/standards/marcxml/schema/MARC21slim.xsd"
    xmlns="http://www.loc.gov/MARC21/slim">

  <leader>01034nab a22002657a 4500</leader>
  <datafield tag="999" ind1=" " ind2=" ">
    <subfield code="c">56712</subfield>
    <subfield code="d">56712</subfield>
  </datafield>
  <controlfield tag="003">BD-DhIDS</controlfield>
  <controlfield tag="005">20260415110525.0</controlfield>
  <controlfield tag="008">260415b2026     bg||||| |||| 00| 0 eng d</controlfield>
  <datafield tag="040" ind1=" " ind2=" ">
    <subfield code="a">BD-DhIDS</subfield>
    <subfield code="c">BD-DhIDS</subfield>
    <subfield code="d">BD-DhIDS</subfield>
  </datafield>
  <datafield tag="041" ind1=" " ind2=" ">
    <subfield code="a">Eng</subfield>
  </datafield>
  <datafield tag="086" ind1=" " ind2=" ">
    <subfield code="a">BAN BIDS RR 210</subfield>
  </datafield>
  <datafield tag="100" ind1="1" ind2=" ">
    <subfield code="a">Begum, Anwara</subfield>
  </datafield>
  <datafield tag="245" ind1="0" ind2="0">
    <subfield code="a">Adapting to climate change :</subfield>
    <subfield code="b">migration, vulnerability, and livelihoods in the Bengal Delta - the search for effective policy options /</subfield>
    <subfield code="c">Anwara Begum; Mohammad Harunur Rashid Bhuyan; Azreen Karim; Maruf Ahmed</subfield>
  </datafield>
  <datafield tag="260" ind1=" " ind2=" ">
    <subfield code="a">Dhaka :</subfield>
    <subfield code="b">BIDS,</subfield>
    <subfield code="c">2026</subfield>
  </datafield>
  <datafield tag="300" ind1=" " ind2=" ">
    <subfield code="a">vi, 45 p. :</subfield>
    <subfield code="b">ill.figs,tables,charts ;</subfield>
    <subfield code="c">26 cm.</subfield>
  </datafield>
  <datafield tag="490" ind1="1" ind2="0">
    <subfield code="a">Research Report No.210</subfield>
  </datafield>
  <datafield tag="504" ind1=" " ind2=" ">
    <subfield code="a">Includes bibliographical references and index.</subfield>
  </datafield>
  <datafield tag="650" ind1="0" ind2="4">
    <subfield code="a">Climate change</subfield>
    <subfield code="x">Economic aspects</subfield>
    <subfield code="z">Bangladesh</subfield>
  </datafield>
  <datafield tag="650" ind1="0" ind2="4">
    <subfield code="a">Migrations</subfield>
    <subfield code="x">Livelihoods</subfield>
    <subfield code="z">Bengal  Delta</subfield>
  </datafield>
  <datafield tag="650" ind1="0" ind2="4">
    <subfield code="a">Vulnerabilities of women </subfield>
    <subfield code="x">Social security</subfield>
    <subfield code="z">Costal areas</subfield>
  </datafield>
  <datafield tag="700" ind1=" " ind2=" ">
    <subfield code="a">Bhuyan, Mohammad Harunur Rashid</subfield>
  </datafield>
  <datafield tag="700" ind1=" " ind2=" ">
    <subfield code="a">Karim, Azreen</subfield>
  </datafield>
  <datafield tag="700" ind1=" " ind2=" ">
    <subfield code="a">Ahmed, Maruf </subfield>
  </datafield>
  <datafield tag="942" ind1=" " ind2=" ">
    <subfield code="2">BIDSN</subfield>
    <subfield code="c">PR</subfield>
  </datafield>
  <datafield tag="952" ind1=" " ind2=" ">
    <subfield code="0">0</subfield>
    <subfield code="1">0</subfield>
    <subfield code="2">BIDSN</subfield>
    <subfield code="4">0</subfield>
    <subfield code="7">0</subfield>
    <subfield code="8">NFIC</subfield>
    <subfield code="a">BIDSLDC</subfield>
    <subfield code="b">BIDSLDC</subfield>
    <subfield code="c">BIDSP</subfield>
    <subfield code="d">2026-04-15</subfield>
    <subfield code="o">BAN BIDS RR 210</subfield>
    <subfield code="p">122063</subfield>
    <subfield code="r">2026-04-15</subfield>
    <subfield code="t">C-01</subfield>
    <subfield code="w">2026-04-15</subfield>
    <subfield code="y">PR</subfield>
  </datafield>
  <datafield tag="952" ind1=" " ind2=" ">
    <subfield code="0">0</subfield>
    <subfield code="1">0</subfield>
    <subfield code="2">BIDSN</subfield>
    <subfield code="4">0</subfield>
    <subfield code="7">0</subfield>
    <subfield code="8">NFIC</subfield>
    <subfield code="a">BIDSLDC</subfield>
    <subfield code="b">BIDSLDC</subfield>
    <subfield code="c">BIDSP</subfield>
    <subfield code="d">2026-04-15</subfield>
    <subfield code="o">BAN BIDS RR 210</subfield>
    <subfield code="p">122064</subfield>
    <subfield code="r">2026-04-15</subfield>
    <subfield code="t">C-02</subfield>
    <subfield code="w">2026-04-15</subfield>
    <subfield code="y">PR</subfield>
  </datafield>
  <datafield tag="952" ind1=" " ind2=" ">
    <subfield code="0">0</subfield>
    <subfield code="1">0</subfield>
    <subfield code="2">BIDSN</subfield>
    <subfield code="4">0</subfield>
    <subfield code="7">0</subfield>
    <subfield code="8">NFIC</subfield>
    <subfield code="a">BIDSLDC</subfield>
    <subfield code="b">BIDSLDC</subfield>
    <subfield code="c">BIDSP</subfield>
    <subfield code="d">2026-04-15</subfield>
    <subfield code="o">BAN BIDS RR 210</subfield>
    <subfield code="p">122065</subfield>
    <subfield code="r">2026-04-15</subfield>
    <subfield code="t">C-03</subfield>
    <subfield code="w">2026-04-15</subfield>
    <subfield code="y">PR</subfield>
  </datafield>
  <datafield tag="952" ind1=" " ind2=" ">
    <subfield code="0">0</subfield>
    <subfield code="1">0</subfield>
    <subfield code="2">BIDSN</subfield>
    <subfield code="4">0</subfield>
    <subfield code="7">0</subfield>
    <subfield code="8">NFIC</subfield>
    <subfield code="a">BIDSLDC</subfield>
    <subfield code="b">BIDSLDC</subfield>
    <subfield code="c">BIDSP</subfield>
    <subfield code="d">2026-04-15</subfield>
    <subfield code="o">BAN BIDS RR 210</subfield>
    <subfield code="p">122066</subfield>
    <subfield code="r">2026-04-15</subfield>
    <subfield code="t">C-04</subfield>
    <subfield code="w">2026-04-15</subfield>
    <subfield code="y">PR</subfield>
  </datafield>
  <datafield tag="952" ind1=" " ind2=" ">
    <subfield code="0">0</subfield>
    <subfield code="1">0</subfield>
    <subfield code="2">BIDSN</subfield>
    <subfield code="4">0</subfield>
    <subfield code="7">0</subfield>
    <subfield code="8">NFIC</subfield>
    <subfield code="a">BIDSLDC</subfield>
    <subfield code="b">BIDSLDC</subfield>
    <subfield code="c">BIDSP</subfield>
    <subfield code="d">2026-04-15</subfield>
    <subfield code="o">BAN BIDS RR 210</subfield>
    <subfield code="p">122067</subfield>
    <subfield code="r">2026-04-15</subfield>
    <subfield code="t">C-05</subfield>
    <subfield code="w">2026-04-15</subfield>
    <subfield code="y">PR</subfield>
  </datafield>
</record>
